00656nam a2200217Ia 4500001000600000003000900006008004100015040001300056040001300069041001300082100001300095100002900108245004100137245004100178250001100219260004500230260004900275300005500324650002800379650003100407A9350IT-RoPAU130308s9999 xx 000 0 und d aIT-RoPAU cIT-RoPAU aITALIANO aAnonimo  gCodice Aut. SPICS: 2620 aSan Paolo (soggetto cinematografico) bSan Paolo (Soggetto Cinematografico) a1a ed. bs.e. (senza Editrice o non identificata) c1980 [1° Ed.:1980 - Ed.Ling.Originale:1980] a"48 p. (prefazione: no ; testo: 48 [pagine: 0-0])" aAUTORI/OPERE DEL CINEMA eCodice materia Spics: 6807